Days of the Week in 15 Seconds - Statistics

General Stats
  • This quiz has been taken 21 times
  • The average score is 6 of 7
Answer Stats
Day % Correct
Monday
100%
Friday
91%
Tuesday
91%
Thursday
82%
Wednesday
82%
Saturday
73%
Sunday
73%
No matching quizzes found
Score Distribution
Percent of People with Each Score
Percentile by Number Answered
Your Score History
You have not taken this quiz